<?xml version="1.0" encoding="UTF-8"?>
<marc:record xmlns:marc="http://www.loc.gov/MARC21/slim">
   <marc:leader>00000nam a2200000 a 4500</marc:leader>
   <marc:datafield ind1="1" ind2=" " tag="100">
      <marc:subfield code="a">Lünstedt, Heiner</marc:subfield>
      <marc:subfield code="4">aut</marc:subfield>
      <marc:subfield code="e">Verfasser/-in</marc:subfield>
   </marc:datafield>
   <marc:datafield ind1=" " ind2=" " tag="653">
      <marc:subfield code="a">Comic</marc:subfield>
   </marc:datafield>
   <marc:datafield ind1=" " ind2=" " tag="653">
      <marc:subfield code="a">Graphic Novel</marc:subfield>
   </marc:datafield>
   <marc:datafield ind1="0" ind2="0" tag="245">
      <marc:subfield code="a">Sophie Scholl</marc:subfield>
   </marc:datafield>
   <marc:datafield ind1="0" ind2="0" tag="245">
      <marc:subfield code="c">Lünstedt, Heiner</marc:subfield>
   </marc:datafield>
   <marc:datafield ind1=" " ind2="1" tag="264">
      <marc:subfield code="a">München</marc:subfield>
      <marc:subfield code="b">Knesebeck</marc:subfield>
      <marc:subfield code="c">2020</marc:subfield>
   </marc:datafield>
   <marc:datafield ind1=" " ind2=" " tag="250">
      <marc:subfield code="a">Deutsche Erstausgabe, 5. Aufl.</marc:subfield>
   </marc:datafield>
   <marc:datafield ind1="1" ind2=" " tag="520">
      <marc:subfield code="a">Die mutige Geschichte Sophie Scholls und der Weißen Rose als bewegende Graphic Novel&#xD;
&#xD;
Eine junge Frau die durch ihren mutigen Kampf berühmt wurde – Sophie Scholl. Zu einer Zeit als Deutschland scheinbar fest in der Hand des Nationalsozialismus war, verteilte sie mit der Weißen Rose Flugblätter gegen Terror und Faschismus. Doch während Sophie Scholl als überzeugte Pazifistin gegen Diktatur und für Gerechtigkeit kämpfte, machte ihr vier Jahre älterer Freund Fritz Hartnagel Karriere als Offizier der Deutschen Wehrmacht. Der Briefwechsel der beiden gibt einen neuen Einblick in das Leben und Denken Sophie Scholls und bildet die Grundlage dieser Comic-Biografie. Die feinen und detaillierten Zeichnungen von Ingrid Sabisch lassen die Zeit und die starken Charaktere lebendig werden. Mit einem Nachwort von Dr. Hildegard Kronawitter (Weiße Rose Stiftung e.V.).&#xD;
&#xD;
Diese lehrreiche Graphic Novel blickt auf eindrückliche Art und Weise auf das Leben der Widerstandskämpferin Sophie Scholl. Sie gibt nachfolgenden Generationen einen tiefen Einblick in die Motivation und das Denken hinter der Weißen Rose und leistet so einen Beitrag an das Erinnern.</marc:subfield>
   </marc:datafield>
   <marc:datafield ind1=" " ind2=" " tag="020">
      <marc:subfield code="a">9783868738070</marc:subfield>
      <marc:subfield code="9">9783868738070</marc:subfield>
   </marc:datafield>
   <marc:datafield ind1=" " ind2=" " tag="041">
      <marc:subfield code="a">ger</marc:subfield>
   </marc:datafield>
   <marc:datafield ind1=" " ind2=" " tag="338">
      <marc:subfield code="a">Band</marc:subfield>
   </marc:datafield>
   <marc:datafield ind1=" " ind2=" " tag="300">
      <marc:subfield code="a">53 Seiten</marc:subfield>
   </marc:datafield>
</marc:record>
